Ces gares en France qui ne portent pas le nom de leur commune #3 - Statistiques

Statistiques générales
  • Ce quiz a été pris 12 fois
  • Le résultat moyen est 6 sur 22
Statistiques - réponses
Gare Commune Département % Correct
L'Estaque Marseille 13
67%
Le Val d'Or Saint-Cloud 92
67%
Les Saules Orly 94
56%
Les Vallées La Garenne-Colombes 92
44%
La Barasse Marseille 13
44%
Picon Busserine Marseille 13
44%
Ker Lann Bruz 35
33%
Lacourtensourt Toulouse 31
33%
La Gorp Ambarès-et-Lagrave 33
22%
La Frayère Cannes 06
22%
Mohon Charleville-Mézières 08
22%
La Douzillère Joué-les-Tours 37
22%
Faubourg d'Orléans Romorantin-Lanthenay 41
22%
Breteuil-Embranchement Bacouël 60
11%
Croix du Prince Jurançon 64
11%
Croix-Sainte Martigues 13
11%
Pont Petit Saint-Ouen l'Aumône 95
11%
Mullerhof Urmatt 67
11%
Logelbach Wintzenheim 68
11%
Les Cauquillous Lavaur 81
0%
Hachette Locquignol 59
0%
Frynaudour Plourivo 22
0%
Aucun quiz correspondant
Distribution des résultats
% des personnes avec chaque résultat
Percentile par nombre de réponses
Votre historique - résultats
Vous n’avez pas pris ce quiz